000 00505nam a2200169 4500
001 6042
090 _a6042
100 _a20190723b u||y0fre||u0ba y50
101 _afre
200 _aSortir du nucléaire
_bPériodique
_eService Presse
_fComité Sortir du nucléaire
210 _aGenève
_bCP 121, 1211 Genève 7
_cSortir du nucléaire Comité romand
215 _d30 cm.
606 _9648
_aNucléaire (Energie)
607 _9414
_aSuisse
710 _91449
_aSortir du nucléaire
801 _aCH
_bCH-002049-8
955 _r1990: 1.